[Event "12th KIIT International 2019"]
[Site "Odisha"]
[Date "2019.06.04"]
[Round "6.6"]
[White "Pranav Vijay"]
[Black "Nguyen, Van Huy"]
[Result "1/2-1/2"]
[WhiteElo "2265"]
[BlackElo "2456"]
[Annotator "TA"]
[PlyCount "209"]
[EventDate "2019.05.31"]
[EventType "swiss"]
[EventCountry "IND"]
[SourceTitle "playchess.com"]
[Source "ChessBase"]
[SourceQuality "1"]

{[%evp 14,209,27,28,27,21,34,26,49,36,37,35,37,29,66,68,80,23,22,20,109,99,170,184,158,90,90,90,110,8,9,0,129,-8,-5,-27,-27,-63,-29,-24,-42,-27,-14,-18,-17,-18,-18,-24,-16,-20,0,-6,-6,-27,0,-43,-30,-31,-29,-43,-34,-31,-26,-34,-29,-33,-24,-37,-33,-48,-6,-10,0,-27,-30,-27,-25,-81,-10,-16,-3,-53,-3,-140,-73,-88,-95,-107,-26,-29,-31,-66,-58,-58,-58,-73,-58,-58,-58,-58,-58,-58,-58,-154,-143,-114,-73,-73,-73,-73,-73,-73,-73,-73,-73,-73,-73,-73,-73,-73,-73,-73,-73,-73,-73,-73,-73,-73,-73,-73,-73,-73,-8,-73,0,-73,-73,-73,-73,-73,-8,-8,-8,-8,-8,-16,-8,-58,-16,-73,-73,-73,-73,-73,-73,-73,-20,-25,0,-73,-73,-73,-66,-58,-58,-66,-66,-66,0,-73,0,-73,0,-73,0,-66,-72,-73,-8,-8,-8,-8,-8,-8,-8,-8,-8,-8,-8,-8,-8,-8,-8,-8,-8,-8,-8,-8]} 1. e4 c6 2. d4 d5 3. e5 Bf5 4. Nf3 e6 5. Be2 Nd7 6. O-O Ne7 7. c3 c5 8. dxc5 Nc6 {B12: Caro-Kann: Advance Variation} (8... Nxc5 9. Nd4 Bg6 10. Be3 Nd7 11. f4 Nf5 12. Bf2 Be7 13. Nd2 Nxd4 14. Bxd4 O-O 15. Nb3 b6 16. Bg4 {½-½ (73) Karjakin,S (2753)-Mamedyarov,S (2817) Kolkata 2018}) 9. Nd4 Bxb1 10. Rxb1 Bxc5 {White has an edge.} 11. b4 Bb6 12. f4 O-O 13. Kh1 Rc8 $146 ({Predecessor:} 13... Qe7 14. Nf3 f6 15. exf6 Nxf6 16. Bd3 {½-½ (34) Bok,B (2488)-Von Herman,U (2419) Germany 2012}) 14. Nb5 Ne7 15. c4 (15. Bd3 $16) 15... dxc4 $11 16. Nd6 Rc7 (16... c3 $11 17. Nxc8 Qxc8) 17. Bxc4 $16 Nc8 (17... Nf5 $16 {keeps fighting.}) 18. Nxf7 $18 Kxf7 19. Qb3 (19. Qh5+ $142 Kg8 20. Bxe6+ Kh8 21. Rd1) 19... Rxc4 $16 20. Qxc4 Qh4 21. Qb5 (21. Rb3 $1 $16) 21... Rd8 $36 {[%mdl 2048] White is under pressure.} 22. f5 Nf8 (22... Qe4 $11 23. Bg5 a6) 23. fxe6+ (23. Qe2 $1 $16) 23... Kg8 24. Bf4 Ne7 25. Qe2 Neg6 26. Bg3 Qe7 27. Rbd1 Rxd1 28. Qxd1 Nxe6 29. Qd5 Ngf8 30. a3 h6 31. h3 Kh8 32. Kh2 Kh7 33. Qe4+ Kh8 34. Qc4 Qd7 35. Qe4 Kg8 36. Qf3 a6 37. Qb3 Ba7 38. Rd1 Qf7 39. Qd5 Bb8 40. b5 axb5 41. Qxb5 h5 {Hoping for ...h4!} 42. Rf1 Qc7 43. h4 ({Much worse is} 43. Qe8 h4 $17) 43... Qe7 44. a4 Nc5 45. Qe2 (45. Qc4+ $11 Nfe6 46. Rb1) 45... Qe8 (45... g6 $17 46. Kg1 Bc7) 46. a5 Nfe6 47. Qf3 Bc7 {next ...Qg6 is good for Black.} 48. Ra1 (48. Bf2 $1 $11 {keeps the balance.}) 48... Kh7 (48... Qg6 $142 49. Kg1 Ne4) 49. Qd5 Qg6 50. Ra3 Qe4 (50... Qg4 $17 {Threatens to win with ...Ne4.} 51. Qf3 Qg6) 51. Qxe4+ Nxe4 52. Rb3 Bxa5 53. Rxb7 Kg6 54. Ra7 Bc3 55. Kh3 Nxg3 56. Kxg3 Bxe5+ 57. Kf3 Kf5 58. Rf7+ (58. Ra5 $15) 58... Bf6 $1 $17 59. Kg3 Nf4 60. Rb7 Ng6 61. Kh3 Be5 62. g3 Bf6 63. Rb4 Ne5 64. Rf4+ Ke6 65. Ra4 g6 66. Re4 Be7 67. Ra4 Bd6 68. Rf4 Ng4 69. Rf3 Be5 70. Rf1 Kd5 71. Rf8 Ke4 72. Rf3 Ne3 {[#]} (72... Bd6 $17) 73. Rf8 (73. Rxe3+ $1 $11 {[%mdl 512]} Kxe3 74. g4) 73... Ng4 74. Rf3 $1 Bd6 75. Rf7 Ke3 76. Rf3+ {[#]} Ke2 ({Black should play} 76... Kd4 $1 $17) 77. Rf7 $11 Be5 78. Rf3 $1 Nf6 (78... Bb2 {looks sharper.} 79. Rf4 Ne5 80. Rb4 Nd3 81. Rb3 Bd4) 79. Rb3 (79. Rxf6 {keeps more tension.} Bxf6 80. g4 hxg4+ 81. Kxg4 Kd2 82. h5) 79... Kf2 80. Rb6 Kf3 (80... Bd4 $5 {[%cal Rd4b6]} 81. Rd6 Ke3 $17) 81. Rb3+ (81. Rb4 $1 $11 {remains equal.}) 81... Ke4 $17 82. Ra3 Kf5 83. Rf3+ {[#]} Ke6 $1 84. Rf1 Nd5 (84... Ng4 $17) 85. Rf3 $11 Nf6 86. Rf1 $1 Ng4 87. Rf3 Nh6 88. Ra3 Kf5 89. Rf3+ Ke4 90. Ra3 Ng4 91. Rf3 $1 Bd6 (91... Bc7 {with more complications.} 92. Rf1 Kd5 93. Rd1+ Ke6 94. Rc1 Bd6) 92. Rf7 $1 Ke3 (92... Ne5 $17 93. Rf6 Bc5 94. Rf4+ Kd5) 93. Kg2 (93. Rf3+ $1 $11 Kd4 94. Rf7) 93... Ke2 ({Better is} 93... Ne5 $17 94. Rf6 Bc5) 94. Rg7 (94. Kh3 $11) 94... Ne5 $15 95. Rg8 Bc5 ({Black should try} 95... Ke3 $17) 96. Re8 $11 {The position is equal.} Bd4 {[#]} 97. g4 $1 {[%mdl 512]} hxg4 {White must now prevent ...Kd3.} 98. Kg3 Ke3 {[#] And now ...Ke4 would win.} (98... Ke1 {feels hotter.} 99. Rf8 Bc3 100. Rf4 Kd2 101. Re4 Kd1) 99. Rxe5+ $1 {[%mdl 576] Remove Defender} Bxe5+ 100. Kxg4 {KB-KP} Bf6 {( -> ...Bxh4!)} 101. h5 g5 102. h6 Ke4 103. h7 Ke5 {[#]} 104. h8=Q $1 {[%mdl 512]} Bxh8 105. Kxg5 {Accuracy: White = 60%, Black = 49%.} 1/2-1/2

[Event "12th KIIT International 2019"]
[Site "Odisha"]
[Date "2019.06.04"]
[Round "6.7"]
[White "Kostenko, Petr"]
[Black "Pradeep Kumar R A"]
[Result "1-0"]
[WhiteElo "2473"]
[BlackElo "2296"]
[Annotator "TA"]
[PlyCount "107"]
[EventDate "2019.05.31"]
[EventType "swiss"]
[EventCountry "IND"]
[SourceTitle "playchess.com"]
[Source "ChessBase"]
[SourceQuality "1"]

{[%evp 9,107,0,22,18,33,24,37,6,52,32,58,45,66,52,89,29,77,70,70,67,58,59,45,52,47,52,85,94,92,94,82,93,96,64,62,61,55,51,58,66,76,62,91,74,112,101,101,100,150,108,116,122,154,134,274,276,269,282,276,270,274,268,322,310,402,391,477,467,457,453,397,384,323,231,795,775,747,687,1127,1169,1090,1069,855,841,831,859,2122,1801,2749,1954,1933,2145,1624,1598,29969,29972,29973,29972,29979,29979]} 1. d4 Nf6 2. Bf4 g6 3. Nc3 d5 4. e3 Bg7 5. h4 h6 6. Nf3 {A45: Trompowsky Attack} O-O 7. Qd2 $146 ({Predecessor:} 7. Nb5 Na6 8. Be2 Ne4 9. Nd2 Nxd2 10. Qxd2 c6 11. Nc3 {½-½ (42) Matlakov,M (2691)-Zakhartsov,V (2452) Sochi 2016}) 7... c5 8. O-O-O {White is slightly better.} Nc6 9. Ne5 Be6 10. Kb1 ({Don't play} 10. dxc5 Nxe5 11. Bxe5 Ne4 $15) 10... Nh5 11. Bh2 Nf6 12. Be2 (12. f3 $16) 12... Nd7 {[%cal Rd7e5]} 13. Nxd7 Qxd7 14. dxc5 {[%cal Rc3d5]} Rfd8 15. Nb5 d4 {White should prevent ...Qd5.} 16. exd4 Nxd4 17. Nxd4 Qxd4 18. Qxd4 Rxd4 19. Rxd4 Bxd4 20. Bf3 Bxc5 21. Bf4 Rd8 22. Bxb7 Bxf2 23. Bxh6 Bf5 24. Kc1 e5 25. h5 Rd7 26. Bc8 Rd6 27. Bxf5 gxf5 $16 {[%mdl 4096] Endgame KRB-KRB} 28. Bd2 $1 {And now Rf1 would win.} e4 29. c4 Rd4 30. b3 e3 31. Be1 Bxe1 (31... Rg4 $16) 32. Rxe1 {KR-KR} f4 {[#] ...Rd2 would now be nice for Black.} 33. Rd1 $1 {[%cal Rd1d4]} Re4 {[#]} 34. Rd8+ $1 Kg7 {aiming for ...e2.} 35. Kd1 Re5 36. Rd5 Re6 37. c5 Kf8 38. Ke2 Ke7 39. Rf5 Rh6 40. Rxf4 Rxh5 41. Ra4 ({Weaker is} 41. Kxe3 Rxc5 42. g4 Rc3+ 43. Kd2 Rc5 $16) 41... Re5 $2 (41... Rxc5 42. Rxa7+ Ke6 43. Kxe3 Re5+ 44. Kf3 Rf5+ 45. Kg4 Rf2) 42. Rxa7+ Ke6 43. b4 f5 44. g3 Kd5 45. Ra3 Re4 46. Rd3+ Kc6 47. a3 f4 48. gxf4 Rxf4 49. Kxe3 Rh4 50. Rd6+ Kb5 51. Rb6+ Ka4 52. c6 {White mates.} Rh6 53. b5 Kxa3 54. Rb8 {Accuracy: White = 75%, Black = 34%.} 1-0

[Event "12th KIIT International 2019"]
[Site "Odisha"]
[Date "2019.06.04"]
[Round "6.8"]
[White "Laxman, R.R."]
[Black "Vatsal Singhania"]
[Result "1/2-1/2"]
[WhiteElo "2437"]
[BlackElo "2183"]
[Annotator "TA"]
[PlyCount "106"]
[EventDate "2019.05.31"]
[EventType "swiss"]
[EventCountry "IND"]
[SourceTitle "playchess.com"]
[Source "ChessBase"]
[SourceQuality "1"]

{[%evp 16,106,29,18,20,27,47,48,54,41,50,44,65,42,47,45,45,0,0,0,0,-16,0,0,0,-2,1,-4,-6,-31,27,27,33,33,33,33,34,34,35,7,35,35,35,35,35,35,35,35,35,35,35,35,37,37,37,37,37,35,37,37,37,37,123,37,43,35,35,25,25,25,35,25,25,25,35,35,35,35,35,35,37,35,35,35,36,25,25,25,25,25,88,25,88]} 1. d4 d5 2. Nf3 Nf6 3. c4 e6 4. g3 Bb4+ 5. Bd2 a5 6. Bg2 O-O 7. Qc2 Nc6 8. O-O dxc4 9. Qxc4 Qd5 {E11: Bogo-Indian} 10. Qxd5 Nxd5 11. Rc1 Rd8 {White is slightly better.} 12. a3 Bf8 $146 ({Predecessor:} 12... Be7 13. Nc3 Nxc3 14. Bxc3 a4 15. e3 Bd7 16. Be1 Bd6 17. Bc3 {½-½ (50) Mikhalevski,V (2569)-Hebert,J (2414) Toronto 2011}) 13. e3 Ra6 14. Ne5 Nxe5 15. dxe5 c5 16. e4 Ne7 $1 17. Bf1 Ra8 $1 18. Bg5 b6 19. Nc3 h6 20. Bxe7 Bxe7 21. Rd1 Bb7 22. Bb5 Rxd1+ (22... g5 $15) 23. Rxd1 $11 {[#] Hoping for Rd7.} Rd8 24. Rxd8+ Bxd8 $14 {[%mdl 4096] Endgame KBB-KBN} 25. f4 g5 26. Kf2 h5 27. b3 h4 (27... c4 $5) 28. Kf3 hxg3 29. hxg3 gxf4 30. gxf4 Kf8 31. Ke3 Bc7 32. a4 Ke7 33. Nd1 f6 34. exf6+ Kxf6 35. Nf2 Ke7 36. Ng4 Bc8 37. e5 Bb7 38. Nf6 Bd5 (38... Bd8 $14) 39. Bc4 (39. Nxd5+ $16 exd5 40. Bc6) 39... Bc6 40. Kf2 Bd8 41. Kg3 Kf7 42. Ng4 {Threatens to win with f5.} Ke7 43. Ne3 Be4 44. f5 Bxf5 45. Nxf5+ exf5 $11 {KB-KB} 46. Kf4 Bc7 47. Kxf5 Bb8 48. Ke4 Bc7 49. Kd5 Bb8 50. e6 Bg3 51. Kc6 Be1 52. Kxb6 Bb4 (52... Kd6 $1 $11 {keeps the balance.}) 53. Kb5 (53. Kc6 $16) 53... Be1 {Accuracy: White = 55%, Black = 50%.} (53... Kd6 $11 {remains equal.}) 1/2-1/2

[Event "12th KIIT International 2019"]
[Site "Odisha"]
[Date "2019.06.04"]
[Round "6.9"]
[White "Konguvel, Ponnuswamy"]
[Black "Khusenkhojaev, Muhammad"]
[Result "1-0"]
[WhiteElo "2293"]
[BlackElo "2446"]
[Annotator "TA"]
[PlyCount "141"]
[EventDate "2019.05.31"]
[EventType "swiss"]
[EventCountry "IND"]
[SourceTitle "playchess.com"]
[Source "ChessBase"]
[SourceQuality "1"]

{[%evp 15,141,25,33,33,29,18,43,27,41,35,40,43,42,16,10,10,39,45,43,40,47,20,34,32,48,0,28,23,27,26,26,25,54,54,47,64,149,69,58,58,66,52,94,84,93,90,97,94,90,91,92,87,132,140,135,140,154,134,181,178,193,193,248,252,343,343,343,343,339,339,402,385,356,236,383,352,372,379,355,343,365,294,402,393,382,364,350,344,1067,1845,1826,1779,1702,1611,1660,1513,1418,1204,2271,1532,1003,0,2273,2167,5193,4404,29972,29974,29962,29964,29986,29987,29981,577,562,0,492,485,29973,29974,29968,29969,29971,29969,29970,29970,29971,29951]} 1. e4 e5 2. Nf3 Nf6 3. Nxe5 d6 4. Nf3 Nxe4 5. Nc3 Nxc3 6. dxc3 Be7 7. Be3 Nc6 8. Qd2 Be6 9. O-O-O {C42: Petroff Defence: 3 Nxe5 and unusual White 3rd moves} Qd7 ({Don't go for} 9... Bxa2 $2 10. b3 $18) 10. Kb1 (10. h3 Bf6 11. g4 h6 12. Bg2 O-O-O 13. b3 g5 14. Nd4 Nxd4 15. cxd4 d5 16. f4 gxf4 17. Bxf4 {½-½ (39) Cheparinov,I (2679)-Wang,Y (2684) China 2019}) 10... a6 11. h3 {White is slightly better.} h6 12. Nd4 Nxd4 13. Bxd4 Rg8 14. Bd3 c5 15. Be3 $1 d5 $146 (15... O-O-O {feels hotter.} 16. Bf4 Bf6 17. a3 Rge8 18. Be2 Be5) ({Predecessor:} 15... O-O-O 16. Bf4 d5 {1-0 (38) Bogdanovich,S (2217)-Ipatov,A (2298) Lvov 2007}) 16. Rhe1 O-O-O 17. f4 g6 18. f5 gxf5 19. Bxh6 Bh4 20. Re3 Qc6 (20... d4 $5 {[%cal Rd4e3]} 21. Re5 Qc7 $11) 21. Rf3 Rg6 22. Qf4 Be7 {...Rh8 is the strong threat.} 23. Bxf5 Rf6 24. Bxe6+ Qxe6 25. Re3 $36 {[%mdl 2048] Black is under pressure.} Qd7 ({Black should play} 25... Rxf4 $14 26. Rxe6 fxe6 27. Bxf4 Rf8) 26. Qg4 ({Better is} 26. Qh4 $1 $16) 26... Qxg4 $14 27. hxg4 {aiming for Bg5.} Re6 28. Bf4 Rg8 29. Red3 $1 ({Much weaker is} 29. Rxd5 Rxg4 30. Be5 Rxg2 $15) 29... Rxg4 30. g3 Bg5 31. Rxd5 Bxf4 32. gxf4 Rxf4 33. Rxc5+ $16 {[%mdl 4096] Endgame KRR-KRR} Kb8 34. b4 Re8 35. Kb2 Rc8 36. Re5 Rfc4 37. Rd3 R8c7 {[#]} 38. a4 $1 b6 (38... f6 {was worth a try.} 39. Rh5 Rf7) 39. a5 $18 Kb7 40. axb6 Kxb6 41. Rf5 Kb7 42. Rdf3 Kb6 43. Kb3 Kb7 44. Rd5 Kb6 (44... R4c6 $142 45. Rdf5 Rc4) 45. Rd6+ Kb7 {Now ...a5 and Black clings on.} 46. Rd4 R4c6 47. c4 f6 48. Rf5 Re7 49. c5 Rce6 50. Kc4 Kc7 51. Rdf4 Re4+ $2 (51... Rf7 52. Kd5 Rc6) 52. Rxe4 Rxe4+ {KR-KR} 53. Kb3 Re6 54. Ka4 Kb7 55. Rf4 Re2 56. c4 Re6 57. Rh4 Re1 58. Rf4 (58. b5 $142 Ra1+ 59. Kb3 axb5 60. cxb5 Rb1+ 61. Kc4 Rc1+ 62. Kb4 Rb1+ 63. Kc4 Rc1+ 64. Kd5 Rd1+ 65. Ke6 Re1+ 66. Kxf6) 58... Re6 $1 59. b5 Re5 {[#]} 60. Kb4 $1 f5 61. Rh4 Re7 62. Ka5 Rf7 63. c6+ Kc7 64. Rf4 (64. Rh6 $142 axb5 65. cxb5 Rg7 66. b6+ Kd8 67. Rh8+ Ke7 68. c7 Rg1 69. c8=Q) 64... Rf8 65. Rh4 $2 (65. Rf2 $18 {Black must now prevent Rf4.} f4 66. Rd2 (66. bxa6 Kxc6 67. Rf3 Rf5+ 68. Ka4 Kb6 $11)) 65... axb5 $2 {[%mdl 8192]} (65... Rf7 $1 $11 66. Rh6 axb5 67. cxb5 Re7 68. b6+ Kd8 69. Rh8+ Re8 70. c7+ Ke7 71. Rxe8+ Kxe8 72. c8=Q+ {[%mdl 64] Double Attack} Ke7 73. Qxf5 Kd6 74. b7 Kc7 75. b8=Q+ {[%mdl 64] Deflection, Back Rank} Kxb8 76. Kb6 Ka8 77. Qf8#) 66. cxb5 {Threatens to win with Rh7+.} f4 (66... Ra8+ $18 67. Kb4 Kb6) 67. Rh7+ {White mates.} Kd6 68. Kb6 f3 69. Rd7+ Ke6 70. Rd1 f2 71. c7 {Accuracy: White = 80%, Black = 38%.} 1-0

[Event "12th KIIT International 2019"]
[Site "Odisha"]
[Date "2019.06.04"]
[Round "6.10"]
[White "Siva Mahadevan"]
[Black "Muthaiah AL"]
[Result "1-0"]
[WhiteElo "2298"]
[BlackElo "2427"]
[Annotator "TA"]
[PlyCount "49"]
[EventDate "2019.05.31"]
[EventType "swiss"]
[EventCountry "IND"]
[SourceTitle "playchess.com"]
[Source "ChessBase"]
[SourceQuality "1"]

{[%evp 9,49,111,111,110,132,123,124,113,134,106,112,131,128,113,113,115,181,206,217,166,263,263,244,247,233,198,787,781,1193,1262,1291,-290,1260,1262,1272,1272,1234,1234,1121,1182,1191,1181]} 1. e4 c6 2. d4 d5 3. e5 Bf5 4. c4 Bxb1 (4... e6 5. Nc3 Bb4 6. Qb3 a5 7. Nf3 Ne7 8. Bg5 dxc4 9. Bxc4 h6 10. Bh4 Be4 11. O-O Bxf3 12. gxf3 b5 13. Be2 g5 {½-½ (51) Fedoseev,V (2674)-Riazantsev,A (2658) Kaliningrad 2015}) 5. Rxb1 e6 6. c5 {B12: Caro-Kann: Advance Variation} Nd7 $146 ({Predecessor:} 6... g6 7. Nf3 Bh6 8. Bd3 Qa5+ 9. b4 Qc7 10. O-O Nd7 11. Bxh6 Nxh6 12. Qd2 {1-0 (24) Agamaliev,G (2493)-Marasli,T (2127) Konya 2017}) 7. Bd3 a5 8. a3 {White is better.} a4 9. Nf3 b6 10. cxb6 Qxb6 11. O-O c5 12. Be3 cxd4 (12... c4 $16) 13. Nxd4 $18 {Rc1 is the strong threat.} ({Don't play} 13. Bxd4 $6 Bc5 $14) 13... Bc5 14. Bc2 Qa6 (14... Bxd4 {was necessary.} 15. Bxd4 Qa5) 15. b4 axb3 16. Rxb3 Ne7 17. Nb5 {Black must now prevent Nc7+.} O-O $2 (17... Qc6) 18. Bxc5 {Hoping for Bxh7+!} Nxc5 {[#]} 19. Bxh7+ $1 {[%mdl 512]} Kxh7 20. Qh5+ Kg8 21. Rh3 {[%csl Gh3][%cal Rh5h8] White is clearly winning.} f6 22. Nd6 Qxd6 23. exd6 Nf5 24. Rc1 Rac8 {[#]} 25. d7 $1 {Accuracy: White = 82%, Black = 38%.} 1-0

[Event "12th KIIT International 2019"]
[Site "Odisha"]
[Date "2019.06.04"]
[Round "6.11"]
[White "Manik, Mikulas"]
[Black "Kumar, Gaurav"]
[Result "1-0"]
[WhiteElo "2399"]
[BlackElo "2082"]
[Annotator "TA"]
[PlyCount "119"]
[EventDate "2019.05.31"]
[EventType "swiss"]
[EventCountry "IND"]
[SourceTitle "playchess.com"]
[Source "ChessBase"]
[SourceQuality "1"]

{[%evp 15,119,9,7,8,8,14,3,0,0,3,7,0,15,11,12,19,32,39,33,50,65,44,37,66,51,48,89,89,81,46,72,72,72,68,75,29,72,23,30,28,27,22,13,13,12,0,0,0,14,0,20,20,18,27,29,0,0,0,0,0,0,0,0,0,47,33,41,41,41,41,33,33,33,34,41,41,41,0,41,55,71,35,59,54,41,41,49,15,15,15,15,15,960,906,1810,1732,1152,1447,1333,1204,930,429,29984,29986,29989,29990]} 1. e4 e5 2. Nf3 Nc6 3. Bb5 a6 4. Ba4 Nf6 5. O-O Be7 6. d3 b5 7. Bb3 d6 8. a4 Bd7 9. Nc3 {C84: Closed Ruy Lopez: Unusual White 6th moves} (9. c3 Na5 10. Bc2 c5 11. Nbd2 O-O 12. Re1 Nc6 13. h3 h6 14. Nf1 Be6 15. Ne3 Re8 16. Bb3 Bf8 17. Bxe6 fxe6 18. Ng4 b4 19. Nxf6+ Qxf6 {½-½ (29) Le,Q (2715)-Inarkiev,E (2692) Sharjah 2019}) 9... Na5 10. Ba2 b4 11. Nd5 {The position is equal.} Nxd5 12. Bxd5 c6 13. Ba2 O-O 14. d4 $36 {[%mdl 2048] White fights for an advantage.} exd4 $146 ({Predecessor:} 14... Qc7 15. dxe5 dxe5 16. Nxe5 Qxe5 17. Qxd7 {1-0 (26) Froehlich,S (1631)-Almeida,J (1777) ICCF email 2013}) 15. Qxd4 c5 16. Qd3 b3 17. cxb3 Be6 18. b4 Bxa2 19. Rxa2 Nc6 20. Bd2 $1 Nxb4 21. Bxb4 cxb4 22. Nd4 Bf6 23. Nc6 Qb6 24. Qxd6 Qb7 25. e5 Rac8 26. Na5 (26. Qxb4 {seems wilder.} Qxc6 27. exf6 Qxf6 28. Qa3 Rc4 29. b4) 26... Qe7 27. Qxe7 ({Don't go for} 27. Qxa6 $2 Qxe5 28. Nb7 b3 $19) 27... Bxe7 28. b3 Rc3 29. Rb1 Rd8 {Black wants to play ...Rd5.} 30. g3 Rdd3 31. Rab2 Bc5 32. Kg2 Bb6 33. Nc4 Bd4 34. Re2 h6 35. a5 Rxb3 36. Rxb3 Rxb3 $11 {[%mdl 4096] Endgame KRB-KRN} 37. Rd2 Bc5 38. Rd8+ Kh7 39. Rd5 Rc3 40. Rxc5 $14 {KRN-KR} b3 41. Rc6 b2 42. Rb6 Rxc4 43. Rxb2 {Hoping for Rb6. KR-KR} Rc5 44. f4 Rxa5 45. Rb7 Kg8 46. Rb8+ Kh7 47. Rf8 Kg6 48. g4 Ra2+ 49. Kg3 {f5+ is the strong threat.} Ra3+ 50. Kh4 {[#] And now f5+ would win.} Re3 51. f5+ Kh7 52. Rxf7 {Strongly threatening f6.} Rxe5 53. Ra7 {Black must now prevent f6.} a5 $2 {[%mdl 8192] [#]} (53... Re2 $11) 54. f6 $1 $18 Kg8 55. Rxg7+ Kf8 56. Rh7 a4 57. Rxh6 Kg8 58. g5 Ra5 ({Stronger than} 58... a3 59. g6) (58... Re6 $18 59. Kh5 a3) 59. g6 Rf5 60. g7 {Accuracy: White = 74%, Black = 50%.} 1-0

[Event "12th KIIT International 2019"]
[Site "Odisha"]
[Date "2019.06.04"]
[Round "6.12"]
[White "Suvrajit, Saha"]
[Black "Koustav Chatterjee"]
[Result "0-1"]
[WhiteElo "2208"]
[BlackElo "2404"]
[Annotator "TA"]
[PlyCount "78"]
[EventDate "2019.05.31"]
[EventType "swiss"]
[EventCountry "IND"]
[SourceTitle "playchess.com"]
[Source "ChessBase"]
[SourceQuality "1"]

{[%evp 13,77,7,10,4,12,8,30,27,25,28,24,12,23,0,21,1,33,-61,-38,-58,-56,-62,0,-24,-23,-24,-17,-41,-13,-8,-31,-31,-13,-147,-143,-125,-118,-145,-110,-93,-116,-35,-59,-30,-14,-98,-114,-244,-237,-279,-76,-662,-640,-636,-589,-556,-546,-29995,-29996,-29996,-29997,-29997,-29998,-29998,-29999,-29999]} 1. c4 e6 2. Nc3 d5 3. d4 c6 4. cxd5 exd5 5. Bf4 Bd6 6. Bxd6 Qxd6 7. e3 Ne7 8. Bd3 {D31: Queen's Gambit Declined: Semi-Slav without ...Nf6 (+ Marshall Gambit and Noteboom) and Exchange Variation lines without ...Nf6} O-O (8... Bf5 9. Nge2 Nd7 10. O-O O-O 11. Nf4 Rfe8 12. Qd2 Nb6 13. b3 a5 14. a4 Qh6 15. Nce2 Nbc8 {1-0 (90) Karjakin,S (2773)-Aronian,L (2767) Saint Louis 2018}) 9. Qc2 Ng6 10. h3 $146 {White has an edge.} ({Predecessor:} 10. Nge2 Nd7 11. O-O-O Nf6 12. f3 Re8 13. e4 dxe4 14. Nxe4 Nxe4 15. Bxe4 Be6 16. Kb1 Rad8 17. h4 Nf8 18. g4 Bd5 19. Nc3 Bxe4 20. fxe4 Ne6 21. d5 Nc7 22. Rhf1 {½-½ (22) Montero,W-Benigni,D Buenos Aires 1998}) 10... Re8 11. Nf3 Qf6 12. O-O-O b5 13. Kb1 a5 14. Ka1 Na6 {[%cal Bb8a6,Ba6b4,Bb4d3][%mdl 32]} 15. Rc1 ({White should try} 15. a3 $14) 15... Nb4 $15 16. Qd2 Nxd3 17. Qxd3 Qd6 (17... Bf5 $15 18. Qd2 h5) 18. Ne2 b4 19. Qd2 Ba6 20. h4 Nf8 21. Nf4 Nd7 22. g4 a4 {[%cal Ba5a4,Ba4a3][%mdl 32]} 23. Nd3 (23. g5 $11 {remains equal.}) 23... Bxd3 $1 $17 24. Qxd3 {[#]} c5 $1 25. Ng5 h6 {...a3 is the strong threat.} 26. Qh7+ Kf8 27. Nf3 a3 $36 {[%mdl 2048] Black is pushing.} 28. b3 $1 Qa6 {Hoping for ...Qe2!} 29. Qc2 {[#]} (29. Rc2 $11 {keeps the balance.}) 29... Rac8 $1 30. dxc5 (30. Qd1 $17 {is a better defense.}) 30... Nxc5 $19 ({Not} 30... Rxc5 31. Qd2 $15) 31. Qd2 Qb6 $2 (31... Ne4 $19 32. Qxb4+ Kg8 33. Rxc8 Rxc8) 32. Qxd5 $2 {[%mdl 8192]} (32. g5 $17) 32... Qf6+ 33. Nd4 Qxf2 {[%csl Ga3][%cal Rf2b2]} 34. Rc2 Qxe3 35. Rf1 {[%csl Gf1][%cal Rd5f7] [#]} Qe1+ $1 {[%mdl 576] Double Attack. Black mates.} 36. Rc1 {[#]} (36. Rxe1 Rxe1+) 36... Nxb3+ $1 {[%mdl 512]} 37. Nxb3 (37. axb3 Rxc1+) 37... Rxc1+ 38. Nxc1 Qc3+ 39. Kb1 Qb2# {Accuracy: White = 30%, Black = 68%.} 0-1